[Event "London Classic U1825 op 10th"]
[Site "London"]
[Date "2018.12.15"]
[Round "3"]
[White "Chan, Sheng Liang Bernard"]
[Black "Beltran Vidal, Daniel"]
[Result "1-0"]
[WhiteElo "1745"]
[BlackElo "1676"]
[PlyCount "151"]
[EventDate "2018.12.14"]
[EventType "swiss"]
[EventRounds "5"]
[EventCountry "ENG"]
[SourceTitle "CBM 187 Extra"]
[Source "ChessBase"]
[SourceDate "2018.11.04"]
[SourceVersion "1"]
[SourceVersionDate "2018.11.04"]
[SourceQuality "1"]

1. d4 Nf6 2. Nf3 b6 3. Bf4 e6 4. e3 Bb7 5. Be2 Be7 6. h3 0-0 7. 0-0 d6 8. Nbd2 Nbd7 9. Bh2 c5 10. c3 d5 11. Rc1 Rc8 12. Bd3 Ne4 13. Qe2 Bd6 14. Bxd6 Nxd6 15. e4 dxe4 16. Nxe4 Nxe4 17. Bxe4 Bxe4 18. Qxe4 Nf6 19. Qe5 Qd5 20. Qxd5 Nxd5 21. g3 Rfd8 22. Rfd1 Kf8 23. dxc5 Rxc5 24. Rd4 Rcc8 25. Rcd1 Ke8 26. Ng5 h6 27. Nxf7 Kxf7 28. c4 Kf6 29. cxd5 exd5 30. Rxd5 Rxd5 31. Rxd5 Rc2 32. Rb5 Ke6 33. Kg2 Kf6 34. g4 g6 35. Kg3 Rd2 36. a4 Rd3+ 37. f3 Rd2 38. h4 Rc2 39. b3 Rd2 40. Kf4 Rd4+ 41. Ke3 Rd1 42. h5 gxh5 43. Rxh5 Kg6 44. Rb5 Rd6 45. a5 bxa5 46. Rxa5 a6 47. Ke4 Rb6 48. Kf4 Rf6+ 49. Kg3 Rb6 50. Rc5 Rd6 51. b4 Rb6 52. Kh4 Rf6 53. Ra5 Rb6 54. f4 Rd6 55. b5 axb5 56. Rxb5 Ra6 57. Rb7 Ra1 58. Rb6+ Kg7 59. Rd6 Rh1+ 60. Kg3 Rg1+ 61. Kf3 Rf1+ 62. Ke4 Ra1 63. Re6 Ra4+ 64. Kf5 Kf7 65. Rxh6 Ra5+ 66. Ke4 Ra4+ 67. Kf3 Ra3+ 68. Kg2 Ra2+ 69. Kg3 Ra3+ 70. Kh4 Ra1 71. Kg5 Ra5+ 72. f5 Ra1 73. Rh7+ Kg8 74. Rb7 Ra6 75. f6 Ra4 76. Kh5 1-0